000 00432cam a2200181 4500
001 D3710
008 090401t1970 xxu||||| |||| 00| 0 eng d
035 _a(Sirsi) u74544
041 _aeng
100 _aFerry, Douglas J
245 _aCost planning of buildings
250 _a2nd
260 _aLondon
_bCrosby Lockwood Staples
_c1970
300 _avii. 124p. illus. 23cm
350 _a1.65
942 _n0
948 _c04/03/1997
999 _c95879
_d95879